000 00325 a2200133 4500
005 20250606145430.0
020 _a978-9987-95-2
082 _a651.3 SAM
100 _aSAMA H.K.
245 _aFundamentals of Office practice
260 _aDodoma
_bNiim Computers & Graphics
_c2010
300 _axii,274p.
_c20cm
942 _2ddc
_cBKS
999 _c3345
_d3345